Movie Titles Missing a Common Word Quiz Stats

Quiz Updated Sep 23, 2015

Challenge
Share
Tweet
Embed
Score 0/20 Timer 05:00
7 Plays Today
Hint Missing Word % Correct
Another Day/Hard/Romeo MustDie
97.6%
The ___ Picture Show/The ___ King of Scotland/The ___ of the MohicansLast
94.2%
Dogs/School/YellerOld
91.4%
Zhivago/StrangeloveDoctor
90.2%
The ___ Santini/The ___ Dictator/The ___ Escape/ExpectationsGreat
86.2%
National Lampoon's/European/Christmas/VegasVacation
85.2%
Gun/Hat/SecretTop
84.1%
Beauty/The ___ Friend/The Quiet ___/Graffiti/GangsterAmerican
84.1%
Book/Dahlia/Narcissus/Orpheus/RainBlack
74.7%
The ___ Chill/The ___ Heat/The ___ Combo/The ___ Red OneBig
69.2%
Hint Missing Word % Correct
___ for Guffman/___ to ExhaleWaiting
67.1%
Race/Wish/Hunt/___ and the Maiden/to SmoochyDeath
64.1%
Winston/Sherlock Holmes/Mr. Lincoln/FrankensteinYoung
62%
Benjamin/Parts/The ___ Life of Henry VIIIPrivate
58.7%
Siege/___ the Volcano/Capricorn/SuspicionUnder
55.9%
Strawberries/The ___ Bunch/at HeartWild
55.1%
Hotel/The ___ IllusionGrand
51.1%
The ___ Ambersons/The ___ SevenMagnificent
49.1%
Dawn of the ___/Day of the ___/Land of the ___/Diary of the ___ /Survival of the ___Dead
46%
The ___ Gun/Lunch/The ___ Spur/The ___ CityNaked
42.2%

You're not logged in!

Compare scores with friends on all Sporcle quizzes.
Join for Free
OR
Log In

You Might Also Like...

Show Comments

Extras

Top Quizzes Today


Score Distribution

Your Account Isn't Verified!

In order to create a playlist on Sporcle, you need to verify the email address you used during registration. Go to your Sporcle Settings to finish the process.

Report this User

Report this user for behavior that violates our Community Guidelines.

Details: